| 000 | 00471nam a2200193Ia 4500 | ||
|---|---|---|---|
| 008 | 210210b2009 xxu||||| |||| 00| 0 eng d | ||
| 020 | _a9780521169547 | ||
| 041 | _aeng | ||
| 082 | _a519.5 CHAO | ||
| 100 | _aCHALMERS (Dean James) | ||
| 245 | _aO level statistics | ||
| 260 |
_aCambridge _bCambridge University Press _c2009 |
||
| 300 | _av,226 | ||
| 650 | _astatistics | ||
| 650 | _aO | ||
| 650 | _alevel | ||
| 690 | _aMathematical Statistics | ||
| 906 | _a064836 | ||
| 999 |
_c142027 _d142027 |
||